Vowel States in Alphabetical Order Quiz Stats

Quiz Updated Jul 20, 2016

Challenge
Share
Tweet
Embed
Score 0/12 Timer 01:00
1 Play Today
State % Correct
Alabama
99.3%
Alaska
94.8%
Arizona
83.1%
Arkansas
82.4%
Illinois
65.6%
Idaho
64.9%
Indiana
64.7%
Iowa
60%
Ohio
54.6%
Oklahoma
47.3%
Utah
45.5%
Oregon
45.4%

You're not logged in!

Compare scores with friends on all Sporcle quizzes.
Join for Free
OR
Log In

You Might Also Like...

Show Comments

Extras

Top Quizzes Today


Score Distribution

Your Account Isn't Verified!

In order to create a playlist on Sporcle, you need to verify the email address you used during registration. Go to your Sporcle Settings to finish the process.

Report this User

Report this user for behavior that violates our Community Guidelines.

Details: